Resumen sobre finalidades y actuación del Instituto Nacional de Industria y de las empresas en que participa. (Record no. 83221)

MARC details
000 -LEADER
campo de control de longitud fija 00595nam a2200169 i 4500
001 - NÚMERO DE CONTROL
campo de control 83221
003 - IDENTIFICADOR DE NÚMERO DE CONTROL
campo de control ES-MaACL
005 - FECHA Y HORA DE LA ÚLTIMA TRANSACCIÓN
campo de control 20230906174808.0
007 - CAMPO FIJO DE DESCRIPCIÓN FÍSICA--INFORMACIÓN GENERAL
campo de control de longitud fija t|
008 - DATOS DE LONGITUD FIJA--INFORMACIÓN GENERAL
campo de control de longitud fija 041116s1964 sp ||||1| spa d
110 2# - ENTRADA PRINCIPAL--NOMBRE DE ENTIDAD CORPORATIVA
Nombre de entidad corporativa o nombre de jurisdicción como elemento de entrada Instituto Nacional de Industria (España)
9 (RLIN) 3953
245 10 - MENCIÓN DEL TÍTULO
Título Resumen sobre finalidades y actuación del Instituto Nacional de Industria y de las empresas en que participa.
260 ## - PUBLICACIÓN, DISTRIBUCIÓN, ETC.
Lugar de publicación, distribución, etc. Madrid :
Nombre del editor, distribuidor, etc. [s.n.,
Fecha de publicación, distribución, etc. 1964]
300 ## - DESCRIPCIÓN FÍSICA
Extensión XVI, 560 p., 58 lám. ;
Dimensiones 30 cm.
610 24 - PUNTO DE ACCESO ADICIONAL DE MATERIA--NOMBRE DE ENTIDAD CORPORATIVA
Nombre de entidad corporativa o nombre de jurisdicción como elemento de entrada Instituto Nacional de Industria (España)-
Subdivisión de forma Memorias.
9 (RLIN) 170432
852 ## - LOCALIZACIÓN
Ubicación ES-MaACL
Número de control de estantería C-25187
Sublocalización o colección R.54009
Holdings
Estatus retirado Estado de pérdida Estado de daño No para préstamo Biblioteca de origen Biblioteca actual Ubicación en estantería Fecha de adquisición Fuente de adquisición Total de préstamos Signatura topográfica completa Código de barras Visto por última vez Precio de reemplazo Tipo de ítem Koha
        Biblioteca del Ateneo de Madrid Biblioteca del Ateneo de Madrid Depósito 2 17/01/2008     C-25187 1086980 23/02/2023 23/02/2023 Libro impreso